Vista normal Vista MARC

Entrada Personal Name

Número de registros utilizados en: 1

001 - CONTROL NUMBER

  • control field: 44033

003 - CONTROL NUMBER IDENTIFIER

  • control field: OSt

005 - DATE AND TIME OF LATEST TRANSACTION

  • control field: 20250131134610.0

008 - FIXED-LENGTH DATA ELEMENTS

  • fixed length control field: 250131|| aca||aabn | a|a d

040 ## - CATALOGING SOURCE

  • Original cataloging agency: OSt
  • Transcribing agency: OSt

100 ## - HEADING--PERSONAL NAME

  • Personal name: Stone, Norman,
  • Dates associated with a name: 1941-2019

670 ## - SOURCE DATA FOUND

  • Source citation: Work cat.: (OSt)30938: Stone, Norman, 1941-2019, Breve historia de la segunda guerra mundial / , ©2013.